000 00332nam a22001457a 4500
008 221011b ||||| |||| 00| 0 eng d
020 _a9781617316265
041 _aeng
080 _2THIRD EDITION
_a611
082 _a611
100 _a10.2
101 _aANAT
245 _aHUMAN ANATOMY PHYSIOLOGY
_cKRIEGER P
942 _2udc
_cBK
999 _c58495
_d58495